00458nam a2200205Ia 4500008004000000020001800040041000800058082001500066100001700081245003100098260004100129300001200170440000600182650000800188650000700196650001300203650001300216650000600229700001700235210210b2016 xxu||||| |||| 00| 0 eng d a9789384826901 aeng a575.1 ARUA aARUMUGAM (N) aAdvances in genetics Vol 1 aKanyakumaribSaras Publicationc2016 axiv,550 a1 aVol ain agenetics aAdvances a1 aMEYYAN (R P)